World Capitals Closest to Lagos - Statistics

General Stats
  • This quiz has been taken 1,315 times
    1,305 since last reset
  • The average score is 16 of 20
Answer Stats
km capital miles % Correct
410 Accra 255
90%
1793 Kinshasa 1114
87%
791 Niamey 492
85%
1788 Brazzaville 1111
83%
1846 Freetown 1147
82%
242 Lome 150
82%
1426 N'Djamena 886
81%
950 Yaoundé 591
81%
1568 Monrovia 974
80%
533 Abuja 331
79%
1424 Bamako 885
79%
959 Libreville 956
78%
843 Ouagadougou 524
78%
1700 Bangui 1057
77%
86 Porto-Novo 53
77%
783 São Tomé 486
76%
1912 Conakry 1188
73%
956 Yamoussoukro 594
70%
2030 Luanda 1261
68%
675 Malabo 419
66%
No matching quizzes found
Score Distribution
Percent of People with Each Score
Percentile by Number Answered
Your Score History
You have not taken this quiz since the last reset